00667nam a22002057a 450000500170000000800410001704000070005824500280006525000300009349000240012352001720014765000130031965000230033265000180035565000180037365000150039194200120040699900150041895200280043320250513162254.0250513b |||||||| |||| 00| 0 eng d cDO aDiamonds the real story aMarch 2002 Vol. 201 No. 3 aNational Geographic aDiamonds: The Real Story, Solo Across the Arctic, Down to a Handful, Danube River, Water World-the Danube Delta, Mother Bear Man, Golden Age Treasures, Murdreesboro,AR xDIAMONDS xBORGE OUSLAND TREK xDANUBE RIVER  xDANUBE DELTA  xGOLDEN AGE 2ddccCR c5510d5510 aDObDOpDSMSR032002-068